Country by Religious Building Quiz Stats

Quiz Updated Mar 28, 2012

Also try: Kid Leaders
Challenge
Share
Tweet
Score 0/25 Timer 06:00
0 Plays Today
# Country % Correct
1France (Notre Dame)
85.6%
13Italy (Pisa Duomo)
85.3%
25Greece (Parthenon)
83.5%
18Japan (Itsukushima Shrine)
80.8%
19Russia (St. Basil's)
79.3%
14China (Temple of Heaven)
78.8%
6Saudi Arabia (Grand Mosque)
61%
3Spain (Sagrada Familia)
57.5%
2India (Akshardham)
52.4%
10Israel (Dome of the Rock)
50%
20Vatican City (St. Peter's)
47.6%
9Cambodia (Angkor Wat)
46.2%
23Turkey (Hagia Sophia)
45.5%
# Country % Correct
12Germany (Frauenkirche)
36.5%
11United States (Crystal Cathedral)
35.7%
17Thailand (Wat Phra Kaew)
34.5%
4United Kingdom (St Paul's)
34.4%
21Norway (Borgund Stave Church)
22.5%
7Ukraine (St. Michael's)
19.1%
5Morocco (Hassan II Mosque)
16.4%
8Brazil (Cathedral of Brasília)
15.1%
16Mexico (Cathedral Metropolitana)
14.9%
22Nepal (Boudhanath)
14.8%
24Mali (Great Mosque of Djenné)
14%
15Finland (Helsinki Cathedral)
11.2%

You're not logged in!

Compare scores with friends on all Sporcle quizzes.
Join for Free
OR
Log In

You Might Also Like...

Show Comments

Extras

Top Quizzes Today


Score Distribution

Your Account Isn't Verified!

In order to create a playlist on Sporcle, you need to verify the email address you used during registration. Go to your Sporcle Settings to finish the process.

Report this User

Report this user for behavior that violates our Community Guidelines.

Details: